OPAC Home

CATALOGUE OF SPECIES OF PISIDIUM IN THE COLLECTION OF THE BRITISH MUSEUM WITH NOTES ON THOSEOF WESETERN (Record no. 233705)

MARC details
000 -LEADER
fixed length control field 00741nam a22002417a 4500
003 - CONTROL NUMBER IDENTIFIER
control field LK-CoDNM
005 - DATE AND TIME OF LATEST TRANSACTION
control field 20241219142446.0
008 - FIXED-LENGTH DATA ELEMENTS--GENERAL INFORMATION
fixed length control field 241219b |||||||| |||| 00| 0 eng d
040 ## - CATALOGING SOURCE
Original cataloging agency LK-CoDNM
Modifying agency LK-CoDNM
Description conventions LK-CoDNM
041 ## - LANGUAGE CODE
Language code of text/sound track or separate title English
080 ## - UNIVERSAL DECIMAL CLASSIFICATION NUMBER
Universal Decimal Classification number 2
Item number I10
942 ## - ADDED ENTRY ELEMENTS (KOHA)
Koha item type Books
100 ## - MAIN ENTRY--PERSONAL NAME
Personal name WOODWARD,BB
700 ## - ADDED ENTRY--PERSONAL NAME
Personal name KOBELT,W
245 ## - TITLE STATEMENT
Title CATALOGUE OF SPECIES OF PISIDIUM IN THE COLLECTION OF THE BRITISH MUSEUM WITH NOTES ON THOSEOF WESETERN
Remainder of title EUROPE
260 ## - PUBLICATION, DISTRIBUTION, ETC. (IMPRINT)
Name of publisher, distributor, etc. LONDON
Date of publication, distribution, etc. 1913
300 ## - PHYSICAL DESCRIPTION
Extent VII, 144 P. : XXX ill ;23 CM
490 ## - SERIES STATEMENT
Volume/sequential designation PART 1
650 ## - SUBJECT ADDED ENTRY--TOPICAL TERM
Topical term or geographic name as entry element CATALOGUE OF SPECIES OF PISIDIUM IN THE COLLECTION OF THE BRITISH MUSEUM WITH NOTES ON THOSEOF WESETERN
650 ## - SUBJECT ADDED ENTRY--TOPICAL TERM
Topical term or geographic name as entry element WOODWARD,BB
650 ## - SUBJECT ADDED ENTRY--TOPICAL TERM
Topical term or geographic name as entry element 2 I10
650 ## - SUBJECT ADDED ENTRY--TOPICAL TERM
Topical term or geographic name as entry element SCIENCE
Holdings
Withdrawn status Lost status Damaged status Not for loan Collection code Permanent Location Current Location Shelving location Date acquired Full call number Barcode Koha item type
    Damaged   Science Library National Museum Colombo - Sri Lanka Library National Museum Colombo - Sri Lanka Reference 2024-12-19 2 I10 OS206 Books
Copyright © 2023 Department of National Museum, Colombo 07, Sri Lanka Funded by UNESCO IFAP UNESCO